[Event "5th Reykjavik op"]
[Site "Reykjavik ISL"]
[Date "1972.02.12"]
[EventDate "1972.02.06"]
[Round "6"]
[Result "0-1"]
[White "Thorbergsson, Freysteinn"]
[Black "Gheorghiu, Florin"]
[WhiteElo "2340"]
[BlackElo "2530"]
[PlyCount "52"]

1. d4 Nf6 2. c4 c5 3. d5 b5 4. cxb5 a6 5. bxa6 Bxa6 6. Nc3 g6 7. Nf3 d6 8. g3  Bg7 9. Bg2 O-O 10. O-O Nbd7 11. Re1 Qb6 12. h3 Rfb8 13. e4 Ne8 14. Qc2 Nc7 15.  Rb1 Nb5 16. Nxb5 Bxb5 17. Re3 Rxa2 18. Ra3 Rxa3 19. bxa3 Qa6 20. Nd2 Bd4 21.  Bf1 Bxf1 22. Rxb8+ Nxb8 23. Nxf1 Nd7 24. Bb2 Ne5 25. Kg2 Nd3 26. Bc3 Qc4 0-1

[Event "5th Reykjavik op"]
[Site "Reykjavik ISL"]
[Date "1972.02.12"]
[EventDate "1972.02.06"]
[Round "6"]
[Result "1-0"]
[White "Georgsson, Harvey"]
[Black "Sigurjonsson, Gudmundur"]
[WhiteElo "2220"]
[BlackElo "2500"]
[Source "Thjodviljinn, 1972.02.17, p. 9"]
[PlyCount "150"]

1. e4 c5 2. Nf3 e6 3. d4 cxd4 4. Nxd4 Nc6 5. Nb5 d6 6. c4 Nf6 7. N1c3 a6 8. Na3
Be7 9. Be3 O-O 10. Be2 b6 11. O-O Bb7 12. f4 Rc8 13. Bf3 Na5 14. Qe2 d5 15.
exd5 Bxa3 16. bxa3 Nxc4 17. dxe6 Bxf3 18. Rxf3 fxe6 19. Rd1 Qc7 20. Bd4 Qc6 21.
Rg3 Rf7 22. Rxg7+ Kxg7 23. Ne4 e5 24. fxe5 Nxe4 25. Qg4+ Kf8 26. e6 Nf6 27. Qf5
Nd6 28. Qg5 Qa4 29. Qd2 Rc2 30. Qh6+ Ke7 31. exf7 Rxg2+ 32. Kxg2 Qc2+ 33. Rd2
Qe4+ 34. Kf1 Qh1+ 35. Ke2 Qg2+ 36. Bf2 Nxf7 37. Qe3+ Ne4 38. Kd1 Qg4+ 39. Re2
Nfd6 40. Bg3 Kd7 41. Bxd6 Nxd6 42. Qxb6 Qa4+ 43. Qb3 Qg4 44. Qb4 Qg1+ 45. Kc2
Qg6+ 46. Kb2 Qd3 47. Rc2 h5 48. Qc3 Qb5+ 49. Ka1 Qf1+ 50. Rc1 Qe2 51. Qg7+ Ke6
52. Qg3 Ne4 53. Qb3+ Kf5 54. Qd5+ Kf4 55. Qc4 Qd2 56. Qf7+ Ke3 57. Qb3+ Kf4 58.
Rf1+ Kg5 59. Qg8+ Kh4 60. Qc4 Qe3 61. Rd1 Kg4 62. h3+ Kg5 63. Rd5+ Kf4 64. Qc7+
Kf3 65. Qf7+ Kg2 66. Qg7+ Ng3 67. Rd1 Qxa3 68. Rd2+ Kxh3 69. Qd7+ Kh4 70. Rd4+
Kg5 71. Qg7+ Kf5 72. Qf7+ Ke5 73. Qd5+ Kf6 74. Rf4+ Kg6 75. Qg8+ 1-0

[Event "5th Reykjavik op"]
[Site "Reykjavik ISL"]
[Date "1972.02.13"]
[EventDate "1972.02.06"]
[Round "7"]
[Result "1-0"]
[White "Kristjansson, Bragi"]
[Black "Kristinsson, Jon"]
[WhiteElo "2270"]
[BlackElo "2380"]
[PlyCount "66"]

1. e4 e5 2. Nf3 Nc6 3. Bb5 a6 4. Ba4 Nf6 5. O-O Be7 6. Re1 b5 7. Bb3 O-O 8. c3  d6 9. h3 h6 10. d4 Re8 11. Nbd2 Bf8 12. Nf1 Bd7 13. Ng3 Na5 14. Bc2 c5 15. b3  g6 16. Be3 Bc6 17. d5 Bd7 18. Nh2 Bg7 19. Qd2 Kh7 20. Rf1 Ng8 21. Rae1 Qe7 22.  f4 exf4 23. Bxf4 Nb7 24. Nf5 Qf8 25. Nxg7 Qxg7 26. Nf3 Rad8 27. e5 dxe5 28.  Bxe5 f6 29. Nh4 Rxe5 30. Rxe5 fxe5 31. Bxg6+ Qxg6 32. Nxg6 Kxg6 33. Qd3+ 1-0

[Event "5th Reykjavik op"]
[Site "Reykjavik ISL"]
[Date "1972.02.13"]
[EventDate "1972.02.06"]
[Round "7"]
[Result "1-0"]
[White "Sigurjonsson, Gudmundur"]
[Black "Torfason, Jon"]
[WhiteElo "2500"]
[BlackElo "2310"]
[PlyCount "68"]

1. e4 c6 2. d4 d5 3. exd5 cxd5 4. c4 Nf6 5. Nc3 e6 6. Nf3 Be7 7. cxd5 Nxd5 8.  Bc4 O-O 9. O-O Nc6 10. Re1 Bf6 11. Ne4 b6 12. a3 Bb7 13. Qd3 Rc8 14. Bd2 Qd7  15. Ba2 Rfd8 16. Rad1 Nce7 17. Bb1 Ng6 18. h4 Qa4 19. Neg5 Nde7 20. h5 Nf8 21.  Bb4 Bxf3 22. Nxf3 a5 23. Bxe7 Bxe7 24. Re5 Bf6 25. Re4 Qc4 26. Qe3 Rd5 27. h6  g6 28. Rf4 Bh8 29. Be4 e5 30. Bxd5 exf4 31. Qe4 Qc2 32. Bxf7+ Kxf7 33. Qd5+ Ne6  34. Ng5+ 1-0

[Event "5th Reykjavik op"]
[Site "Reykjavik ISL"]
[Date "1972.02.13"]
[EventDate "1972.02.06"]
[Round "7"]
[Result "1-0"]
[White "Gheorghiu, Florin"]
[Black "Georgsson, Harvey"]
[WhiteElo "2530"]
[BlackElo "2220"]
[Source "Revista de Sah 1"]
[PlyCount "26"]

1. d4 Nf6 2. c4 g6 3. Nc3 Bg7 4. e4 d6 5. f3 O-O 6. Be3 b6 7. Bd3 Bb7 8. Nge2
c5 9. d5 e6 10. Bg5 $1 exd5 11. exd5 Nbd7 12. f4 Qe8 13. h3 {(...)} 1-0

[Event "5th Reykjavik op"]
[Site "Reykjavik ISL"]
[Date "1972.02.13"]
[EventDate "1972.02.06"]
[Round "7"]
[Result "1-0"]
[White "Keene, Raymond Dennis"]
[Black "Thorbergsson, Freysteinn"]
[WhiteElo "2465"]
[BlackElo "2340"]
[PlyCount "47"]

1. Nf3 Nf6 2. g3 g6 3. b3 Bg7 4. Bb2 O-O 5. Bg2 d5 6. O-O c5
7. c4 d4 8. b4 Qb6 9. Qb3 d3 10. bxc5 Qxb3 11. axb3 Na6
12. exd3 Nxc5 13. d4 Nd3 14. Ba3 Ne4 15. Nc3 Nexf2 16. Rxf2
Nxf2 17. Kxf2 Bg4 18. Ne5 Rfd8 19. Nd5 Bxe5 20. dxe5 e6
21. Nf6+ Kg7 22. Nxg4 Rxd2+ 23. Kg1 h5 24. Nf2 1-0

[Event "5th Reykjavik op"]
[Site "Reykjavik ISL"]
[Date "1972.02.13"]
[EventDate "1972.02.06"]
[Round "7"]
[Result "1-0"]
[White "Hort, Vlastimil"]
[Black "Andersson, Ulf"]
[WhiteElo "2605"]
[BlackElo "2510"]
[PlyCount "75"]

1.e4 c5 2.c3 e6 3.d4 d5 4.e5 Nc6 5.Nf3 Qb6 6.Bd3 Bd7 7.dxc5
Bxc5 8.Qe2 a5 9.Nbd2 a4 10.b4 axb3 11.Nxb3 Ba3 12.O-O Nge7
13.Bd2 Ng6 14.Nbd4 Be7 15.Rfe1 O-O 16.h4 f5 17.exf6 Bxf6
18.Rab1 Qa7 19.Be3 Nxd4 20.cxd4 Be8 21.Ng5 Bxg5 22.hxg5 Nf4
23.Bxf4 Rxf4 24.g3 Rf8 25.Qxe6+ Bf7 26.Qg4 Qxa2 27.Re2 Qa3
28.Re3 Qa7 29.Kg2 Qa2 30.Re2 Qa3 31.Re3 Qa2 32.Rxb7 Bg6 33.Re2
Bxd3 34.Rxa2 Rxa2 35.Qe6+ Kh8 36.Rf7 Rg8 37.Qxd5 Re2 38.Rf4
1-0

[Event "5th Reykjavik op"]
[Site "Reykjavik ISL"]
[Date "1972.02.13"]
[EventDate "1972.02.06"]
[Round "7"]
[Result "1/2-1/2"]
[White "Gunnarsson, Gunnar"]
[Black "Olafsson, Fridrik"]
[WhiteElo "2300"]
[BlackElo "2570"]
[Source "https://skaksogufelagid.is (2024)"]
[PlyCount "32"]

1. e4 c5 2. Nf3 Nc6 3. d4 cxd4 4. Nxd4 e6 5. Nc3 a6 6. Be3 Qc7 7. g3 b5 8. Bg2
Bb7 9. O-O Nf6 10. Re1 Ne5 11. Bf4 d6 12. a4 bxa4 13. Rxa4 Be7 14. Bc1 O-O 15.
f4 Nc6 16. Rc4 Qb6 1/2-1/2

[Event "5th Reykjavik op"]
[Site "Reykjavik ISL"]
[Date "1972.02.14"]
[EventDate "1972.02.06"]
[Round "8"]
[Result "1/2-1/2"]
[White "Solmundarson, Magnus"]
[Black "Olafsson, Fridrik"]
[WhiteElo "2380"]
[BlackElo "2570"]
[Source "https://skaksogufelagid.is (2024)"]
[PlyCount "80"]

1. d4 Nf6 2. Nf3 c5 3. c4 cxd4 4. Nxd4 e6 5. Nc3 Bb4 6. Qb3 Bc5 7. e3 Nc6 8.
Nxc6 bxc6 9. Be2 O-O 10. O-O d5 11. Rd1 Qe7 12. Qc2 Bb7 13. b3 e5 14. Bb2 Rfe8
15. cxd5 cxd5 16. Na4 Bd6 17. Rac1 Rac8 18. Qf5 d4 19. exd4 Rxc1 20. Rxc1 exd4
21. Bf1 Be4 22. Qh3 Nd5 23. Bxd4 Nf4 24. Qe3 Qd8 25. g3 Bb7 26. Qc3 Ba3 27. Nc5
Ba8 28. Re1 Rxe1 29. Qxe1 Ne6 30. Nxe6 Qd5 31. f3 Qxf3 32. Qc3 Qh1+ 33. Kf2
fxe6 34. Qc8+ Bf8 35. Qxe6+ Kh8 36. Qe3 Qxh2+ 37. Ke1 Bb4+ 38. Bc3 Bf8 39. Qf2
Qxf2+ 40. Kxf2 Bc5+ 1/2-1/2

[Event "5th Reykjavik op"]
[Site "Reykjavik ISL"]
[Date "1972.02.14"]
[EventDate "1972.02.06"]
[Round "8"]
[Result "1/2-1/2"]
[White "Andersson, Ulf"]
[Black "Gunnarsson, Gunnar"]
[WhiteElo "2510"]
[BlackElo "2300"]
[Source "Thjodviljinn, 1972.02.16, pp. 3, 9"]
[PlyCount "64"]

1. e4 g6 2. d4 Bg7 3. Nf3 d6 4. Be2 Nf6 5. Nc3 O-O 6. O-O Nbd7 7. e5 Ne8 8. Bf4
c6 9. Qd2 Nb6 10. h3 Be6 11. Rfe1 f6 12. exf6 exf6 13. Ba6 Bc8 14. Bf1 d5 15.
b3 Nd6 16. Re2 g5 17. Bh2 Bf5 18. Ne1 Ne4 19. Nxe4 dxe4 20. f3 Re8 21. c3 Qd7
22. fxe4 Bxe4 23. Nd3 Bf8 24. Nc5 Bxc5 25. dxc5 Qxd2 26. Rxd2 Nd5 27. c4 Ne3
28. Be2 Red8 29. Bd6 Nxg2 30. Rd4 Re8 31. Bh5 Nh4 32. Rf1 Bg6 1/2-1/2

[Event "5th Reykjavik op"]
[Site "Reykjavik ISL"]
[Date "1972.02.14"]
[EventDate "1972.02.06"]
[Round "8"]
[Result "0-1"]
[White "Thorbergsson, Freysteinn"]
[Black "Stein, Leonid"]
[WhiteElo "2340"]
[BlackElo "2605"]
[Source "Morgunbladid, 1972.02.16, p. 8"]
[PlyCount "102"]

1. d4 Nf6 2. c4 g6 3. Nc3 Bg7 4. g3 O-O 5. Bg2 d6 6. Nf3 Nc6 7. O-O e5 8. dxe5
dxe5 9. Bg5 Be6 10. Nd5 Bxd5 11. Bxf6 Qxf6 12. cxd5 Ne7 13. e4 c6 14. Qb3 cxd5
15. exd5 Nf5 16. Rfe1 Rae8 17. Rad1 e4 18. Nd2 e3 19. fxe3 Qxb2 20. Qxb2 Bxb2
21. Ne4 Be5 22. d6 b6 23. Rd5 f6 24. Bf1 Rd8 25. Bc4 Kg7 26. d7 Rf7 27. Bb5 a6
28. Bxa6 Rfxd7 29. Rxd7+ Rxd7 30. Kf2 Ra7 31. Bc4 Ra4 32. Rc1 b5 33. Bd5 Ne7
34. Nc5 Nxd5 35. Nxa4 bxa4 36. a3 Nc3 37. Kf3 Kf7 38. Rc2 Ke6 39. Rd2 h5 40. h3
f5 41. g4 fxg4+ 42. hxg4 h4 43. Kg2 Ne4 44. Rd8 Ng5 45. Ra8 h3+ 46. Kf1 Ne4 47.
Ra6+ Kf7 48. Rxa4 h2 49. Kg2 Nf2 50. Ra7+ Kf6 51. Rh7 h1=Q+ 0-1

[Event "5th Reykjavik op"]
[Site "Reykjavik ISL"]
[Date "1972.02.14"]
[EventDate "1972.02.06"]
[Round "8"]
[Result "1/2-1/2"]
[White "Georgsson, Harvey"]
[Black "Keene, Raymond Dennis"]
[WhiteElo "2220"]
[BlackElo "2465"]
[Source "Thjodviljinn, 1972.02.17, p. 9"]
[PlyCount "82"]

1. e4 g6 2. d4 Bg7 3. c3 d6 4. f4 Nf6 5. e5 dxe5 6. fxe5 Nd5 7. Bc4 O-O 8. Nf3
c5 9. O-O cxd4 10. cxd4 Nc6 11. Nc3 Nb6 12. Be2 Bg4 13. Be3 Nd5 14. Nxd5 Qxd5
15. Qd2 Rad8 16. h3 Be6 17. Rfc1 Qd7 18. Rd1 Bd5 19. b4 Qc7 20. Rac1 a6 21. Qc3
Qb6 22. a3 Rc8 23. Nd2 h6 24. Nb3 Nxb4 25. Qxc8 Rxc8 26. Rxc8+ Kh7 27. axb4
Bxb3 28. Rb1 Bd5 29. Rc5 Be4 30. Rb2 h5 31. Bc4 e6 32. Bg5 Bf8 33. Rc8 Qxd4+
34. Rf2 Bg7 35. Rc7 Bf5 36. Rxf7 Kg8 37. Rc7 Bxe5 38. Rc8+ Kh7 39. Rd8 Qxc4 40.
Rd7+ Kg8 41. Rd8+ 1/2-1/2

[Event "5th Reykjavik op"]
[Site "Reykjavik ISL"]
[Date "1972.02.14"]
[EventDate "1972.02.06"]
[Round "8"]
[Result "0-1"]
[White "Torfason, Jon"]
[Black "Gheorghiu, Florin"]
[WhiteElo "2310"]
[BlackElo "2530"]
[Source "Morgunbladid, 1972.02.16, p. 8"]
[PlyCount "68"]

1. e4 c5 2. Nc3 Nc6 3. g3 g6 4. Bg2 Bg7 5. d3 d6 6. Be3 e5 7. Nge2 Nge7 8. O-O
O-O 9. Qd2 Nd4 10. f4 Be6 11. Rae1 Qd7 12. Kh1 Rad8 13. Ng1 b6 14. Nf3 Nxf3 15.
Bxf3 d5 16. exd5 Nxd5 17. Nxd5 Bxd5 18. b3 Bxf3+ 19. Rxf3 e4 20. Rf2 exd3 21.
cxd3 Qxd3 22. Qxd3 Rxd3 23. Bc1 Bc3 24. Ref1 Re8 25. Bb2 Bxb2 26. Rxb2 f5 27.
Kg2 Ree3 28. Rff2 Kf7 29. Rfe2 Ke6 30. Rxe3+ Rxe3 31. Rd2 Re4 32. Kf3 Rd4 33.
Re2+ Kd7 34. a4 Rd3+ 0-1

[Event "5th Reykjavik op"]
[Site "Reykjavik ISL"]
[Date "1972.02.14"]
[EventDate "1972.02.06"]
[Round "8"]
[Result "1/2-1/2"]
[White "Timman, Jan"]
[Black "Kristjansson, Bragi"]
[WhiteElo "2445"]
[BlackElo "2270"]
[PlyCount "128"]

1.Nf3 Nf6 2.g3 g6 3.b3 Bg7 4.Bb2 O-O 5.Bg2 d5 6.O-O Re8 7.c4
c6 8.d4 Bf5 9.Nbd2 Ne4 10.Nh4 Nxd2 11.Qxd2 Be6 12.Rac1 Na6
13.e4 Qd7 14.exd5 cxd5 15.f4 Bh3 16.Bxh3 Qxh3 17.f5 Bf6 18.Ng2
Rad8 19.Nf4 Qh6 20.Rcd1 dxc4 21.fxg6 hxg6 22.bxc4 b6 23.Qf2
Nc7 24.d5 Bxb2 25.Qxb2 Na6 26.Rde1 Nc5 27.Re3 Qg7 28.Qe2 Rd7
29.Re5 Nb7 30.Rg5 Nd6 31.Kg2 Qh6 32.h4 Rc7 33.Rc1 Kh8 34.Re5
Qg7 35.h5 g5 36.h6 Qh7 37.Rxg5 Qe4+ 38.Qxe4 Nxe4 39.Rg7 Nd6
40.g4 Rg8 41.Rxg8+ Kxg8 42.g5 Rxc4 43.Rxc4 Nxc4 44.Kf3 Kh7
45.Ke4 Nd6+ 46.Ke5 Nc4+ 47.Kd4 Nd6 48.Ke5 Nc4+ 49.Kd4 Nd6
50.Nh5 Kg6 51.Ke5 Nc4+ 52.Ke4 Nd6+ 53.Ke5 Nc4+ 54.Kf4 a5
55.Ng3 Nd6 56.Ne2 b5 57.Nd4 f6 58.gxf6 exf6 59.Nf5 Nf7 60.Ne7+
Kxh6 61.Kf5 Kg7 62.Nc6 a4 63.a3 Ng5 64.d6 Kf7 1/2-1/2

[Event "5th Reykjavik op"]
[Site "Reykjavik ISL"]
[Date "1972.02.16"]
[EventDate "1972.02.06"]
[Round "9"]
[Result "1-0"]
[White "Gheorghiu, Florin"]
[Black "Kristinsson, Jon"]
[WhiteElo "2530"]
[BlackElo "2380"]
[PlyCount "70"]

1. c4 Nf6 2. Nc3 e6 3. Nf3 d5 4. d4 Be7 5. Bf4 O-O 6. e3 c6 7. h3 Nbd7 8. Qc2  a6 9. Rd1 dxc4 10. Bxc4 b5 11. Bd3 Qb6 12. e4 g6 13. e5 Nd5 14. Nxd5 cxd5 15.  h4 Bb7 16. h5 Rfc8 17. Qe2 Nf8 18. Kf1 b4 19. Bg5 Qd8 20. Qe3 a5 21. Qf4 Ba6  22. Bxa6 Rxa6 23. Bf6 Bxf6 24. exf6 Nd7 25. hxg6 Qxf6 26. gxf7+ Qxf7 27. Qxf7+  Kxf7 28. Rxh7+ Ke8 29. Rh8+ Nf8 30. Ne5 Raa8 31. Rd3 Rc1+ 32. Ke2 Rc2+ 33. Rd2  Rc7 34. g4 Rg7 35. Rc2 1-0

[Event "5th Reykjavik op"]
[Site "Reykjavik ISL"]
[Date "1972.02.16"]
[EventDate "1972.02.06"]
[Round "9"]
[Result "0-1"]
[White "Gunnarsson, Gunnar"]
[Black "Tukmakov, Vladimir"]
[WhiteElo "2300"]
[BlackElo "2565"]
[Source "Thjodviljinn, 1972.02.18, p. 9"]
[PlyCount "104"]

1. d4 Nf6 2. c4 g6 3. Nc3 d5 4. Nf3 Bg7 5. Bf4 O-O 6. e3 c5 7. dxc5 Qa5 8. Rc1
Rd8 9. Qa4 Qxc5 10. Qb5 Na6 11. Qxc5 Nxc5 12. Nxd5 Nxd5 13. cxd5 Rxd5 14. Bc4
Nd3+ 15. Bxd3 Rxd3 16. Be5 Rd5 17. Rd1 Be6 18. Rxd5 Bxd5 19. O-O f6 20. Bf4 e5
21. Bg3 Bxa2 22. Rc1 Be6 23. Rc7 Rc8 24. Rxc8+ Bxc8 25. Kf1 Kf7 26. Ke1 Ke6 27.
Kd2 Kd5 28. Kc3 a5 29. b4 b6 30. Nd2 Bf8 31. e4+ Kc6 32. bxa5 bxa5 33. f3 Bb4+
34. Kc2 a4 35. Bf2 Be6 36. Be3 Kb5 37. g3 a3 38. Nb3 a2 39. Na1 Kc4 40. Bd2 Bc5
41. Bc3 Bd4 42. Bxd4 exd4 43. Nb3 Kb4 44. Na1 Ka3 45. f4 f5 46. e5 Bd5 47. h4
h5 48. Kc1 d3 49. Kd2 Kb2 50. Kxd3 Kxa1 51. Kc2 Be6 52. Kc1 Bb3 0-1

[Event "5th Reykjavik op"]
[Site "Reykjavik ISL"]
[Date "1972.02.16"]
[EventDate "1972.02.06"]
[Round "9"]
[Result "0-1"]
[White "Olafsson, Fridrik"]
[Black "Andersson, Ulf"]
[WhiteElo "2570"]
[BlackElo "2510"]
[PlyCount "152"]

1.d4 Nf6 2.c4 e6 3.Nc3 Bb4 4.e3 c5 5.Bd3 Nc6 6.Nf3 Bxc3+
7.bxc3 d6 8.Nd2 e5 9.O-O O-O 10.Nb3 e4 11.Bc2 Qe7 12.f3 Re8
13.Kh1 h6 14.Nd2 exf3 15.gxf3 cxd4 16.cxd4 Qxe3 17.Ne4 Qxd4
18.Qxd4 Nxd4 19.Nxf6+ gxf6 20.Rg1+ Kf8 21.Bxh6+ Ke7 22.Be4 Be6
23.Rab1 Rab8 24.Bxb7 Bxc4 25.Be3 Nb5 26.Ba6 Na3 27.Rxb8 Rxb8
28.Bxa7 Ra8 29.Bxc4 Nxc4 30.Bd4 Ke6 31.Rg2 Kf5 32.Re2 Ne5
33.Kg2 d5 34.Bf2 Rg8+ 35.Bg3 d4 36.Rd2 Rd8 37.Kf2 Nc4 38.Rd3
Nb2 39.Rd2 d3 40.a4 Nc4 41.Rd1 d2 42.Ke2 Re8+ 43.Kf2 Ra8
44.Ke2 Rxa4 45.Bf2 Ra8 46.Bg3 Re8+ 47.Kf2 Re7 48.h4 Rd7 49.Ke2
Rd8 50.Bc7 Rd4 51.Bg3 Kg6 52.Bf2 Rd5 53.Bg3 Rd4 54.Bf2 Rd8
55.Bg3 Kh5 56.Bf4 f5 57.Bg5 Rd6 58.Bf4 Rd4 59.Bg5 f4 60.Be7
Rd5 61.Bf6 Kg6 62.Bc3 Rd6 63.Bb4 Re6+ 64.Kf2 Kh5 65.Bc3 Rd6
66.Bb4 Rd5 67.Bc3 Rd7 68.Bb4 Kxh4 69.Rh1+ Kg5 70.Ke2 Rb7
71.Bc3 Rb3 72.Rg1+ Kf5 73.Bd4 Ke6 74.Rd1 Kd5 75.Bf2 Rc3 76.Bg1
Ke5 0-1

[Event "5th Reykjavik op"]
[Site "Reykjavik ISL"]
[Date "1972.02.17"]
[EventDate "1972.02.06"]
[Round "10"]
[Result "0-1"]
[White "Solmundarson, Magnus"]
[Black "Andersson, Ulf"]
[WhiteElo "2380"]
[BlackElo "2510"]
[PlyCount "70"]

1.d4 Nf6 2.Nf3 g6 3.Bg5 Bg7 4.Bxf6 Bxf6 5.e4 d6 6.c3 O-O 7.h4
h5 8.Be2 e5 9.dxe5 dxe5 10.Na3 Qxd1+ 11.Rxd1 Be6 12.Nc4 Nd7
13.Ng5 Bxg5 14.hxg5 Rfd8 15.f3 a5 16.Kf2 Kf8 17.a3 Ke7 18.g3
b5 19.Ne3 c6 20.c4 b4 21.f4 Nc5 22.Kf3 bxa3 23.bxa3 Rxd1
24.Bxd1 Rd8 25.Bc2 Rd4 26.Rd1 Bg4+ 27.Nxg4 hxg4 28.Kxg4 Rxd1
29.Bxd1 Nxe4 30.Bc2 Nd2 31.Ba4 c5 32.f5 Nxc4 33.fxg6 fxg6
34.Kf3 Nxa3 35.Ke4 c4 0-1

[Event "5th Reykjavik op"]
[Site "Reykjavik ISL"]
[Date "1972.02.17"]
[EventDate "1972.02.06"]
[Round "10"]
[Result "0-1"]
[White "Georgsson, Harvey"]
[Black "Hort, Vlastimil"]
[WhiteElo "2220"]
[BlackElo "2605"]
[Source "Tidskrift for Sc"]
[PlyCount "48"]

1. e4 d6 2. d4 g6 3. Nc3 Bg7 4. Be2 c6 5. Be3 b5 6. Qd2 Nd7 7. a4 b4 8. Nd1 a5
9. c4 bxc3 10. Nxc3 Ngf6 11. f4 Nb6 12. h3 Be6 13. g4 Nc4 14. Bxc4 Bxc4 15.
Nge2 Rb8 16. Ng3 Rb3 17. f5 Qb6 18. Rh2 Nd7 19. O-O-O Qb4 20. Bh6 Rxc3+ 21.
Qxc3 Bxh6+ 22. Kb1 Qxa4 23. b3 Qxb3+ 24. Qxb3 Bxb3 0-1

[Event "5th Reykjavik op"]
[Site "Reykjavik ISL"]
[Date "1972.02.17"]
[EventDate "1972.02.06"]
[Round "10"]
[Result "1/2-1/2"]
[White "Timman, Jan"]
[Black "Gheorghiu, Florin"]
[WhiteElo "2445"]
[BlackElo "2530"]
[PlyCount "38"]

1.d4 Nf6 2.c4 g6 3.Nc3 Bg7 4.e4 d6 5.f3 a6 6.Be3 c6 7.Bd3 O-O
8.Nge2 b5 9.e5 Nfd7 10.f4 Nb6 11.c5 Nc4 12.Bxc4 bxc4 13.cxd6
exd6 14.Ne4 Qa5+ 15.Qd2 Qxd2+ 16.Kxd2 dxe5 17.fxe5 Nd7 18.Nd6
c5 19.dxc5 Nxe5 1/2-1/2

[Event "5th Reykjavik op"]
[Site "Reykjavik ISL"]
[Date "1972.02.20"]
[EventDate "1972.02.06"]
[Round "11"]
[Result "1/2-1/2"]
[White "Gheorghiu, Florin"]
[Black "Kristjansson, Bragi"]
[WhiteElo "2530"]
[BlackElo "2270"]
[Source "Thjodviljinn, 1972.02.22, p. 2"]
[PlyCount "80"]

1. c4 Nf6 2. Nc3 d5 3. cxd5 Nxd5 4. g3 g6 5. Bg2 Nxc3 6. bxc3 Bg7 7. Rb1 Nd7 8.
Nf3 O-O 9. O-O c5 10. d4 Qc7 11. e4 b6 12. Bf4 e5 13. dxe5 Nxe5 14. Qd5 Nxf3+
15. Bxf3 Qb7 16. Bd6 Qxd5 17. exd5 Bxc3 18. Rb3 Bd4 19. Bxf8 Kxf8 20. d6 Rb8
21. Ra3 a5 22. Bc6 Be6 23. Rb1 Bf5 24. Rb5 c4 25. Ra4 Bc5 26. Rxc4 Rd8 27. Be4
Be6 28. Rcxc5 bxc5 29. Rxc5 Bxa2 30. Rxa5 Be6 31. Ra6 Bh3 32. f4 Kg7 33. Kf2
Kf6 34. Kf3 Bf5 35. g4 Bxe4+ 36. Kxe4 Ke6 37. f5+ gxf5+ 38. gxf5+ Kf6 39. Kd5
Kxf5 40. Kc6 Ke6 1/2-1/2

[Event "5th Reykjavik op"]
[Site "Reykjavik ISL"]
[Date "1972.02.20"]
[EventDate "1972.02.06"]
[Round "11"]
[Result "1/2-1/2"]
[White "Stein, Leonid"]
[Black "Kristinsson, Jon"]
[WhiteElo "2605"]
[BlackElo "2380"]
[Source "Morgunbladid, 1972.02.22, p. 27"]
[PlyCount "88"]

1. e4 e5 2. Nf3 Nc6 3. Bb5 a6 4. Ba4 Nf6 5. O-O Nxe4 6. d4 b5 7. Bb3 d5 8. dxe5
Be6 9. c3 Bc5 10. Nbd2 O-O 11. Bc2 f5 12. Nb3 Bb6 13. Nfd4 Nxd4 14. Nxd4 Qd7
15. f3 Nc5 16. Be3 Na4 17. Rb1 c5 18. Nxe6 Qxe6 19. Bxa4 bxa4 20. Qxa4 Qxe5 21.
Rfe1 Qe8 22. Qxe8 Rfxe8 23. Kf1 Rab8 24. Bf4 Rbd8 25. Rxe8+ Rxe8 26. Rd1 Rd8
27. Bg5 Rd7 28. c4 d4 29. Rd3 Bd8 30. Bc1 Be7 31. Ke2 Rd6 32. Rb3 Re6+ 33. Kd3
Re1 34. Bd2 Rg1 35. g3 Rg2 36. Ra3 Rxh2 37. Rxa6 Rf2 38. a4 Rxf3+ 39. Kc2 Rf2
40. Kd1 Rf1+ 41. Ke2 Ra1 42. a5 g5 43. Rb6 Kf7 44. Rb7 1/2-1/2

[Event "5th Reykjavik op"]
[Site "Reykjavik ISL"]
[Date "1972.02.20"]
[EventDate "1972.02.06"]
[Round "11"]
[Result "1-0"]
[White "Hort, Vlastimil"]
[Black "Torfason, Jon"]
[WhiteElo "2605"]
[BlackElo "2310"]
[Source "Thjodviljinn, 1972.02.22, p. 2"]
[PlyCount "80"]

1. c4 Nf6 2. Nc3 e5 3. g3 Bb4 4. Bg2 O-O 5. e4 d6 6. Nge2 c6 7. O-O Be6 8. d3
Qc8 9. a3 Bxc3 10. Nxc3 Bh3 11. d4 Re8 12. f3 Bxg2 13. Kxg2 Nbd7 14. Be3 Nf8
15. d5 c5 16. Qd3 Qd7 17. b4 b6 18. Rfb1 Rab8 19. Rb3 a6 20. Rab1 Qc7 21. a4
N8d7 22. R1b2 Rec8 23. Qb1 h6 24. g4 Qd8 25. Ne2 Kh7 26. Ng3 g6 27. h4 Ne8 28.
h5 Ng7 29. hxg6+ fxg6 30. bxc5 bxc5 31. Rb7 Rxb7 32. Rxb7 Rc7 33. Rxc7 Qxc7 34.
Qh1 Nf8 35. Bxh6 Qb7 36. Qh4 Kg8 37. Qf6 Qd7 38. a5 Qf7 39. Qxd6 Kh7 40. Be3 1-0

[Event "5th Reykjavik op"]
[Site "Reykjavik ISL"]
[Date "1972.02.20"]
[EventDate "1972.02.06"]
[Round "11"]
[Result "1-0"]
[White "Olafsson, Fridrik"]
[Black "Thorbergsson, Freysteinn"]
[WhiteElo "2570"]
[BlackElo "2340"]
[Source "https://skaksogufelagid.is (2024)"]
[PlyCount "64"]

1. d4 Nf6 2. c4 c6 3. Nc3 d5 4. e3 g6 5. Nf3 Bg7 6. Be2 O-O 7. O-O Be6 8. b3
Ne4 9. Bb2 Nxc3 10. Bxc3 Nd7 11. Rc1 Nf6 12. Ne5 Ne4 13. Bb4 a5 14. Ba3 a4 15.
Bb4 axb3 16. axb3 Ra2 17. Rc2 Rxc2 18. Qxc2 c5 19. cxd5 Bxd5 20. Bxc5 Nxc5 21.
Qxc5 Bxe5 22. dxe5 Bxb3 23. Qb4 Be6 24. Qxb7 Qd2 25. Bf3 Rc8 26. Qxe7 Rc1 27.
Be2 Re1 28. Bb5 Bd5 29. Qd8+ Kg7 30. h4 Rxe3 31. Qf6+ Kg8 32. Qg5 1-0

[Event "5th Reykjavik op"]
[Site "Reykjavik ISL"]
[Date "1972.02.21"]
[EventDate "1972.02.06"]
[Round "12"]
[Result "1/2-1/2"]
[White "Solmundarson, Magnus"]
[Black "Tukmakov, Vladimir"]
[WhiteElo "2380"]
[BlackElo "2565"]
[Source "Thjodviljinn, 1972.02.23, p. 4"]
[PlyCount "72"]

1. c4 e5 2. Nc3 Nf6 3. Nf3 d6 4. g3 g6 5. Bg2 Bg7 6. d4 Nbd7 7. O-O O-O 8. e4
c6 9. Re1 Qa5 10. d5 c5 11. Bd2 Ne8 12. a3 Qd8 13. Qc1 Nb6 14. Nd1 Kh8 15. b4
Bd7 16. Nb2 Rc8 17. a4 cxb4 18. a5 Na8 19. Bxb4 Nac7 20. Nd3 Na6 21. Qa3 Rxc4
22. Bxd6 Nxd6 23. Qxd6 f6 24. Rac1 Bb5 25. Qxd8 Rxd8 26. Rxc4 Bxc4 27. Nb2 Bb5
28. Rc1 Bf8 29. Nd2 Bb4 30. Nb3 Ba3 31. Rc2 Nb4 32. Rc5 Ba6 33. Nc4 Bxc4 34.
Rxc4 Na6 35. Bh3 Bd6 36. Rc8 1/2-1/2

[Event "5th Reykjavik op"]
[Site "Reykjavik ISL"]
[Date "1972.02.21"]
[EventDate "1972.02.06"]
[Round "12"]
[Result "0-1"]
[White "Georgsson, Harvey"]
[Black "Olafsson, Fridrik"]
[WhiteElo "2220"]
[BlackElo "2570"]
[Source "https://skaksogufelagid.is (2024)"]
[PlyCount "64"]

1. e4 c5 2. Nf3 d6 3. d4 cxd4 4. Nxd4 Nf6 5. Nc3 a6 6. Be2 e6 7. Be3 Nbd7 8.
O-O b5 9. a4 b4 10. Nc6 Qc7 11. Nxb4 d5 12. Nd3 dxe4 13. Nf4 Bd6 14. Qd2 Bb7
15. Rad1 Be5 16. f3 g5 17. Nh3 Bxh2+ 18. Kh1 exf3 19. Bxf3 Bxf3 20. gxf3 Be5
21. Nxg5 Rb8 22. f4 Bxc3 23. Qxc3 Qb7+ 24. Nf3 Rg8 25. Bf2 Ne4 26. Qd3 Ndf6 27.
Bh4 Rg4 28. Bxf6 Nxf6 29. Qd4 Ne4 30. Qd3 Rxf4 31. Rg1 Rxf3 32. Rg8+ Ke7 0-1

[Event "5th Reykjavik op"]
[Site "Reykjavik ISL"]
[Date "1972.02.21"]
[EventDate "1972.02.06"]
[Round "12"]
[Result "0-1"]
[White "Kristinsson, Jon"]
[Black "Hort, Vlastimil"]
[WhiteElo "2380"]
[BlackElo "2605"]
[PlyCount "84"]

1. d4 Nf6 2. Nf3 e6 3. g3 b6 4. Bg2 Bb7 5. O-O Be7 6. c4 O-O 7. Nc3 Ne4 8. Qc2  Nxc3 9. Qxc3 d6 10. Qc2 f5 11. Ne1 Qc8 12. Bxb7 Qxb7 13. Ng2 Nd7 14. Nf4 Rf6  15. d5 e5 16. Ne6 Nf8 17. Nxf8 Rfxf8 18. b3 Rf7 19. f3 Raf8 20. Bd2 Qc8 21. e4  h5 22. exf5 Rxf5 23. Qe4 Bg5 24. Bxg5 Rxg5 25. Kg2 Rf4 26. Qe3 Qf5 27. Rf2 h4  28. g4 h3+ 29. Kh1 Qf6 30. Rg1 e4 31. Rgf1 Qe5 32. fxe4 Rxf2 33. Qxf2 Qxe4+ 34.  Qf3 Rxg4 35. Qxe4 Rxe4 36. Kg1 Rg4+ 37. Kh1 Rd4 38. Kg1 a5 39. Rf3 Rd1+ 40. Kf2  Rd2+ 41. Kg3 Rxa2 42. Kxh3 Rc2 0-1